Finančná a majetková štruktúra podniku Palma Group, a.s. bakalárska práca

Salvato in:
Dettagli Bibliografici
Autore principale: Bačko, Martin
Ente Autore: Fakulta podnikového manažmentu EU. Katedra podnikových financií
Altri autori: Harumová, Anna, 1955-
Natura: Libro
Lingua:slovacco
Pubblicazione: Bratislava 2009
Tags: Aggiungi Tag
Nessun Tag, puoi essere il primo ad aggiungerne!!

MARC

LEADER 00000nam$a2200000$$$4500
001 0102366
005 20240319124501.8
041 0 |a slo 
044 |a SK 
245 1 0 |a Finančná a majetková štruktúra podniku Palma Group, a.s.  |b bakalárska práca  |c Martin Bačko ; škol. Anna Harumová 
264 1 |a Bratislava  |c 2009 
300 |a 50 s. 
100 1 |a Bačko, Martin 
700 1 |a Harumová, Anna, 1955- 
710 2 |a Fakulta podnikového manažmentu EU. Katedra podnikových financií